<?xml version="1.0" encoding="UTF-8"?>
<marc:record xmlns:marc="http://www.loc.gov/MARC21/slim">
   <marc:leader>00000nam a2200000 a 4500</marc:leader>
   <marc:datafield ind1="0" ind2="0" tag="245">
      <marc:subfield code="a">H2O - Plötzlich Meerjungfrau - Der Spielfilm zur Staffel 1</marc:subfield>
   </marc:datafield>
   <marc:datafield ind1="0" ind2="0" tag="245">
      <marc:subfield code="b">Regisseur Colin Budds; Schauspieler Cariba Heine; Claire Holt; Phoebe Tonkin</marc:subfield>
   </marc:datafield>
   <marc:datafield ind1=" " ind2="1" tag="264">
      <marc:subfield code="b">Spirit Media</marc:subfield>
      <marc:subfield code="c">2016</marc:subfield>
   </marc:datafield>
   <marc:datafield ind1="1" ind2=" " tag="520">
      <marc:subfield code="a">Die drei Freundinnen Cleo, Emma und Rikki wachsen an den sonnigen Traumstränden an Australiens Gold Küste auf. Bei einem Bootsausflug stranden sie zufällig auf der geheimnisvollen Insel Mako Island und werden in einem Vulkankrater gefangen. Um sich zu retten, müssen sie durch einen mondscheindurchfluteten unterirdischen See ins Meer tauchen. Am nächsten Tag geschieht etwas Unglaubliches. Bei der Berührung mit Wasser wachsen den Mädchen Meerjungfrauenschwänze! Und das ist noch nicht alles: Die drei entwickeln plötzlich magische Fähigkeiten. Emma kann Wasser gefrieren lassen, Cleo kann es in jede beliebige Form bringen und Rikki bringt es zum Kochen!</marc:subfield>
   </marc:datafield>
   <marc:datafield ind1=" " ind2=" " tag="020">
      <marc:subfield code="a">4250148712112</marc:subfield>
      <marc:subfield code="9">4250148712112</marc:subfield>
   </marc:datafield>
   <marc:datafield ind1=" " ind2=" " tag="500">
      <marc:subfield code="a">Technische Angaben: Bildformat: 16:9 (1.78:1) Sprache / Tonformat: Deutsch DD 2.0/Englisch DD 2.0 Untertitel: BTS-Fotos, Titelsong, unterschriebene Fan-Cards als Einleger</marc:subfield>
   </marc:datafield>
   <marc:datafield ind1="0" ind2=" " tag="490">
      <marc:subfield code="v">0</marc:subfield>
   </marc:datafield>
   <marc:datafield ind1=" " ind2=" " tag="300">
      <marc:subfield code="a">91 Min. [1DVD]</marc:subfield>
   </marc:datafield>
</marc:record>
